|
|
|
|
| LEADER |
00000naa0a2200000 4500 |
| 001 |
599327 |
| 005 |
20250417141955.0 |
| 035 |
|
|
|a (RuTPU)RU\TPU\tpu\23328
|
| 090 |
|
|
|a 599327
|
| 100 |
|
|
|a 20130607d2004 k y0rusy50 ca
|
| 101 |
0 |
|
|a rus
|
| 102 |
|
|
|a RU
|
| 200 |
1 |
|
|a Традиционная культура и политико-экономические манипуляции: Ханты-Мансийский автономный округ
|f Е. Ю. Кошелева
|
| 333 |
|
|
|a В фонде НТБ ТПУ отсутствует
|
| 463 |
|
|
|t Традиционное сознание: проблемы реконструкции
|o коллективная монография
|f отв. ред. О. М. Рындина
|v С. 321-327
|d 2004
|
| 610 |
1 |
|
|a труды учёных ТПУ
|
| 700 |
|
1 |
|a Кошелева
|b Е. Ю.
|c лингвист
|c доцент Томского политехнического университета, кандидат исторических наук
|f 1977-
|g Елена Юрьевна
|3 (RuTPU)RU\TPU\pers\29385
|
| 801 |
|
1 |
|a RU
|b 63413507
|c 20130607
|
| 850 |
|
|
|a 63413507
|
| 942 |
|
|
|c BK
|